Marvel Characters Beginning with 'C' - Statistics

General Stats
  • This quiz has been taken 628 times
  • The average score is 10 of 23
Answer Stats
Hint Answer % Correct
Leader of the Avengers and War hero Captain America
94%
X-men leader with optic blasts Cyclops
86%
Intergalactic superhero who died of cancer. Name now held by Carol Danvers Captain Marvel
80%
Redder, crazier version of Venom Carnage
80%
Steel skinned X-man with a heart of gold Colossus
76%
British superhero Captain Britain
74%
Teleporting partner of Dagger Cloak
66%
Time travelling mutant from the future Cable
59%
Spider-man's first villain, camouflaging animal Chameleon
58%
Elder of the Universe who featured in the after credits scene in Thor 2 Collector
49%
Sin's boyfriend, Captain America villain, Skull and... Crossbones
39%
Mutant with the power of propulsion, real name Sam Guthrie Cannonball
36%
Red armored Iron Man villain. Crimson Dynamo
32%
Infinitely powerful race, mainly found in the Eternals comics Celestials
31%
Elemental Inhuman Crystal
29%
Doctor Strange's former wife Clea
26%
Caught in the... Crossfire
24%
New Mutant with the ability to understand any language Cypher
23%
He fires blasts put of his chest Chamber
14%
Hulk's wife during Planet Hulk Caiera
10%
Super strong member of the Guardians of the Galaxy Charlie-27
9%
High flying member of the Initiative Cloud 9
6%
Avengers villain with supercharged vampire-like powers Count Nefaria
5%
No matching quizzes found
Score Distribution
Percent of People with Each Score
Percentile by Number Answered
Your Score History
You have not taken this quiz